00655cam a22001931a 4500001001300000003000400013005001700017008004100034010001700075035001900092040003700111042001200148050002400160100001900184245014300203260002900346300002100375600006500396e 11002141 DLC20260227111156.0810806s1881 gw 000 0 ger c ae 11002141  a(OCoLC)7647501 aU.S. Bur. of Ed. Lib.cDNIEdDLC apremarc10aLB775.M3656442bW341 aWalter, Louis.10aBertha v. Marenholtz-Bülow in ihrer Bedeutung für das Werk Fr. Fröbels :bihr Leben und ihre Schriften /cskizzirt von Louis Walter. aDresden :bHuhle,c1881. a156 p. ;c18 cm.20aMarenholtz-Bülow, Bertha Marie,cFreifrau von,d1810-1893.